000 00734nam a2200229 a 4500
001 3945311
005 20180227091333.0
008 940301s1994 maua b 001 0 eng
010 _a 93078700
020 _a0395673429
040 _aDLC
_cDLC
041 _aeng
080 _a658.4 DAV
082 0 0 _a658.4 DAV
_220
100 1 _a54
101 _aMAN
245 1 0 _aContemporary management /
_cDavid D. Van Fleet, Tim O. Peterson ; in collaboration with Ricky W. Griffin.
504 _aIncludes bibliographical references (p. 561-587) and indexes.
906 _a7
_bcbc
_corignew
_d3
_eopcn
_f19
_gy-gencatlg
942 _2ddc
_cBK
999 _c43639
_d43639